MARC

LEADER 00000nas a2200000 i 4500
001 ssj0001863304
003 WaSeSS
005 20200512172242.0
006 m d
007 cr n
008 141008c20169999enktr p s 0 a0eng
010 |a  2014203754 
015 |a GBB685768  |2 bnb 
016 7 |a 017673878  |2 Uk 
022 |a 2375-3242  |y 2375-3234 
035 |a (WaSeSS)ssj0001863304 
037 |b Taylor & Francis Customer Services, Sheepen Place, Colchester, Abingdon, UK 
040 |a DLC  |b eng  |e pn  |c DLC  |d CUS  |d DLC  |d Z5A  |d OCLCO  |d DLC  |d VT2  |d OCLCF  |d CFT  |d NLE  |d UKMGB  |d DLC  |d OCLCO  |d WaSeSS 
042 |a pcc  |a nsdp 
050 0 0 |a BX801 
082 1 0 |a 282  |2 23 
222 0 |a Church, communication and culture  |b (Online) 
245 0 0 |a Church, communication and culture  |h [electronic resource]. 
246 1 |a CC&C 
260 |a Abingdon, UK :  |b Routledge, Taylor & Francis 
310 |a Three times per year 
362 1 |a Began with: Volume 1, issue 1 (2016). 
506 |a License restrictions may limit access. 
588 |a Description based on: Volume 1, issue 1 (2016); title from caption (T&F website, viewed on July 7, 2017). 
588 |a Latest issue consulted: Volume 5, issue 1 (2020) (Taylor & Francis Online, viewed March 6, 2020). 
610 2 0 |a Catholic Church  |v Periodicals. 
610 2 7 |a Catholic Church.  |2 fast  |0 (OCoLC)fst00531720 
650 0 |a Christianity and culture. 
650 0 |a Religion and culture  |v Periodicals. 
650 0 |a Communication  |x Religious aspects  |v Periodicals. 
650 7 |a Communication  |x Religious aspects.  |2 fast  |0 (OCoLC)fst00869990 
650 7 |a Religion and culture.  |2 fast  |0 (OCoLC)fst01093823 
655 0 |a Electronic journals. 
776 0 8 |i Print version:  |t Church and communication  |x 2375-3234  |w (DLC) 2014203753  |w (OCoLC)892524286 
850 |a DLC 
856 4 0 |z Full text available from Research Library: 12/01/2016 to present  |u https://search.proquest.com/publication/3962594